[Event "BCF-chT3E 2224 (4NCL)"]
[Site "England"]
[Date "2024.02.10"]
[Round "5.53"]
[White "Graham, William M"]
[Black "Lukosius, Rolandas"]
[Result "0-1"]
[WhiteElo "1940"]
[BlackElo "2063"]
[PlyCount "48"]
[EventDate "2023.11.11"]
[EventType "team-tourn"]
[EventRounds "11"]
[EventCountry "ENG"]
[SourceTitle "EXT 2025"]
[Source "ChessBase"]
[SourceDate "2024.10.14"]
[SourceVersion "1"]
[SourceVersionDate "2024.10.14"]
[SourceQuality "1"]
[WhiteTeam "Sussex Martlets II"]
[BlackTeam "Wessex"]
[WhiteTeamCountry "ENG"]
[BlackTeamCountry "ENG"]

1. c4 Nf6 2. g3 c5 3. Bg2 d5 4. cxd5 Nxd5 5. Nf3 Nc6 6. 0-0 e5 7. d3 Be7 8. Nc3 Nc7 9. Be3 0-0 10. Rc1 Bd7 11. Nd2 Rb8 12. Nb3 b6 13. f4 exf4 14. Bxf4 Bg5 15. Nd5 Nxd5 16. Bxd5 Nb4 17. Bg2 Bc6 18. d4 Bxg2 19. Kxg2 Qd5+ 20. Kg1 Rbd8 21. dxc5 Bxf4 22. gxf4 Qe4 23. Qe1 Nxa2 24. Ra1 Qe3+ 0-1

[Event "Hastings Weekend op"]
[Site "Hastings"]
[Date "2023.01.08"]
[Round "5"]
[White "Lukosius, Rolandas"]
[Black "Wilson, Jaimie"]
[Result "1/2-1/2"]
[WhiteElo "2041"]
[BlackElo "2100"]
[PlyCount "74"]
[EventDate "2023.01.07"]
[EventType "swiss"]
[EventRounds "5"]
[EventCountry "ENG"]
[SourceTitle "CBM 212 Extra"]
[Source "ChessBase"]
[SourceDate "2023.03.31"]
[SourceVersion "1"]
[SourceVersionDate "2023.03.31"]
[SourceQuality "1"]

1. d4 d5 2. c4 e6 3. Nc3 Nf6 4. Bg5 Be7 5. e3 0-0 6. Nf3 a6 7. Bd3 dxc4 8. Bxc4 b5 9. Bd3 Bb7 10. 0-0 Nbd7 11. Rc1 c5 12. Bb1 Rc8 13. Qe2 b4 14. Na4 Qa5 15. Nxc5 Nxc5 16. dxc5 Rxc5 17. Bh4 Rfc8 18. Rxc5 Qxc5 19. Rd1 h6 20. h3 Qh5 21. e4 Qc5 22. b3 a5 23. Bg3 Rd8 24. Rxd8+ Bxd8 25. Bd3 Qc1+ 26. Kh2 Nh5 27. Qd2 Qc5 28. Ba6 Bxa6 29. Qxd8+ Kh7 30. Qc7 Qb5 31. Qxf7 Nxg3 32. Kxg3 Qc6 33. Qh5 Bd3 34. Ng5+ Kh8 35. Nf7+ Kh7 36. Ng5+ Kh8 37. Nf7+ Kh7 1/2-1/2

[Event "BCF-chT3Sa 1920 (4NCL)"]
[Site "England"]
[Date "2020.01.12"]
[Round "4.11"]
[White "Lukosius, Rolandas"]
[Black "Farrand, Tom"]
[Result "0-1"]
[WhiteElo "2114"]
[BlackElo "2153"]
[PlyCount "71"]
[EventDate "2019.11.09"]
[EventType "team-tourn"]
[EventRounds "11"]
[EventCountry "ENG"]
[SourceTitle "EXT 2023"]
[Source "ChessBase"]
[SourceDate "2022.10.05"]
[SourceVersion "1"]
[SourceVersionDate "2022.10.05"]
[SourceQuality "1"]
[WhiteTeam "Wessex"]
[BlackTeam "CSC"]
[WhiteTeamCountry "ENG"]
[BlackTeamCountry "ENG"]

1. d4 e6 2. Nf3 f5 3. g3 Nf6 4. Bg2 Be7 5. 0-0 0-0 6. c4 d6 7. Nc3 Ne4 8. Qc2 Nxc3 9. Qxc3 a5 10. b3 Nc6 11. Bb2 Bf6 12. Rad1 Qe8 13. Qc1 e5 14. d5 Nb4 15. a3 Na6 16. Nd2 b6 17. Bc3 Nc5 18. b4 Nb7 19. Nb3 Bd7 20. Qb2 a4 21. Nc1 Qe7 22. Nd3 g5 23. c5 Bb5 24. c6 Nd8 25. e4 f4 26. f3 Bg7 27. Bh3 fxg3 28. hxg3 Rf6 29. Rf2 Nf7 30. Be6 Kh8 31. f4 gxf4 32. gxf4 Rg6+ 33. Rg2 Rxg2+ 34. Kxg2 Rf8 35. Qf2 Nh6 36. Qg3 0-1

[Event "BCF-chT3Sa 1920 (4NCL)"]
[Site "England"]
[Date "2019.11.10"]
[Round "2.11"]
[White "Scott, David A"]
[Black "Lukosius, Rolandas"]
[Result "1/2-1/2"]
[WhiteElo "2140"]
[BlackElo "2114"]
[PlyCount "132"]
[EventDate "2019.11.09"]
[EventType "team-tourn"]
[EventRounds "11"]
[EventCountry "ENG"]
[SourceTitle "EXT 2023"]
[Source "ChessBase"]
[SourceDate "2022.10.05"]
[SourceVersion "1"]
[SourceVersionDate "2022.10.05"]
[SourceQuality "1"]
[WhiteTeam "Surbiton"]
[BlackTeam "Wessex"]
[WhiteTeamCountry "ENG"]
[BlackTeamCountry "ENG"]

1. d4 Nf6 2. c4 g6 3. Nf3 Bg7 4. e3 0-0 5. Be2 d6 6. 0-0 Nbd7 7. Nc3 e5 8. Qc2 c6 9. dxe5 dxe5 10. Rd1 Re8 11. Rb1 e4 12. Nd2 Qe7 13. b4 a5 14. a3 Nf8 15. c5 axb4 16. axb4 Ng4 17. Ndxe4 Qh4 18. h3 Nh6 19. Nd6 Bxh3 20. gxh3 Re5 21. e4 Ne6 22. Rd3 f5 23. Nc4 fxe4 24. Nxe5 exd3 25. Nxd3 Nd4 26. Qd1 Qxh3 27. Ne4 Ra2 28. Bb2 Nxe2+ 29. Qxe2 Ng4 30. Ng3 Qh2+ 31. Kf1 Qh3+ 32. Ke1 Bc3+ 33. Kd1 Nf6 34. Kc2 Nd5 35. Kb3 Rxb2+ 36. Rxb2 Bxb2 37. Kxb2 Qh4 38. Qe4 Qf6+ 39. Qe5 Kf7 40. Qxf6+ Nxf6 41. Kc3 h5 42. Kd4 h4 43. Ne4 Nh7 44. Ne5+ Kg7 45. f4 Nf6 46. Nxf6 Kxf6 47. Ke4 h3 48. Nf3 Kg7 49. Nh2 Kf6 50. Ng4+ Ke6 51. Nh2 Kf6 52. Nf3 Kg7 53. Ke5 Kh6 54. f5 gxf5 55. Kxf5 Kh5 56. Nh2 Kh4 57. Kf4 Kh5 58. Kf5 Kh4 59. Kf4 Kh5 60. Kg3 Kg5 61. Nf1 Kf5 62. Kf3 Ke5 63. Ke3 Kd5 64. Kd3 Ke5 65. Ke3 Kd5 66. Kd3 Ke5 1/2-1/2

[Event "BCF-chT3Sa 1920 (4NCL)"]
[Site "England"]
[Date "2019.11.09"]
[Round "1.11"]
[White "Lukosius, Rolandas"]
[Black "Madden, Paul"]
[Result "1/2-1/2"]
[WhiteElo "2114"]
[BlackElo "2125"]
[PlyCount "76"]
[EventDate "2019.11.09"]
[EventType "team-tourn"]
[EventRounds "11"]
[EventCountry "ENG"]
[SourceTitle "EXT 2023"]
[Source "ChessBase"]
[SourceDate "2022.10.05"]
[SourceVersion "1"]
[SourceVersionDate "2022.10.05"]
[SourceQuality "1"]
[WhiteTeam "Wessex"]
[BlackTeam "Ashfield"]
[WhiteTeamCountry "ENG"]
[BlackTeamCountry "ENG"]

1. d4 Nf6 2. c4 g6 3. Nc3 d5 4. cxd5 Nxd5 5. e4 Nxc3 6. bxc3 Bg7 7. Nf3 c5 8. Rb1 0-0 9. Be2 Nc6 10. d5 Na5 11. c4 Bg4 12. Bb2 Bxb2 13. Rxb2 Bxf3 14. gxf3 e5 15. h4 Qf6 16. h5 b6 17. Qc1 g5 18. h6 Kh8 19. Kd2 Qf4+ 20. Kc2 Qxc1+ 21. Kxc1 Nb7 22. Kd2 Nd6 23. a4 f5 24. Ke3 Rf6 25. Bd3 fxe4 26. fxe4 Nf7 27. a5 Nxh6 28. Be2 Kg7 29. Ra1 Raf8 30. axb6 axb6 31. Ra6 Rxf2 32. Rbxb6 R2f6 33. Bh5 Rxb6 34. Rxb6 g4 35. d6 Rd8 36. Kf2 Kf8 37. Kg3 Nf7 38. Bxf7 Kxf7 1/2-1/2

[Event "BCF-chT2 1819 (4NCL) Demotion"]
[Site "England"]
[Date "2019.05.05"]
[Round "10.84"]
[White "Bak, Andrew"]
[Black "Lukosius, Rolandas"]
[Result "0-1"]
[WhiteElo "1985"]
[BlackElo "2072"]
[PlyCount "72"]
[EventDate "2018.11.10"]
[EventType "team-tourn"]
[EventRounds "11"]
[EventCountry "ENG"]
[SourceTitle "EXT 2021"]
[Source "ChessBase"]
[SourceDate "2020.10.23"]
[SourceVersion "1"]
[SourceVersionDate "2020.10.23"]
[SourceQuality "1"]
[WhiteTeam "Bradford DCA Knights"]
[BlackTeam "Wessex"]
[WhiteTeamCountry "ENG"]
[BlackTeamCountry "ENG"]

1. e4 c5 2. Nf3 d6 3. d4 Nf6 4. Nc3 cxd4 5. Nxd4 a6 6. Bg5 e6 7. f4 Nc6 8. Nb3 b5 9. e5 dxe5 10. Qf3 Qc7 11. 0-0-0 e4 12. Nxe4 Nxe4 13. Qxe4 Bb7 14. f5 Nb4 15. Qe2 Rc8 16. c3 Nxa2+ 17. Kb1 Nxc3+ 18. bxc3 Qxc3 19. Ka2 Qb4 20. Qb2 Qa4+ 21. Kb1 Ba3 22. Qa2 0-0 23. Bc1 b4 24. Bxa3 bxa3 25. Rd4 Qc6 26. Bd3 Qb6 27. Qxa3 Rc5 28. Rb4 Qd6 29. Bc2 a5 30. Ra4 Qb6 31. Qb2 Rfc8 32. Nc1 Qc7 33. fxe6 fxe6 34. Re1 Bd5 35. Re2 Rb8 36. Nb3 Bxb3 0-1

[Event "BCF-chT2 1819 (4NCL) Demotion"]
[Site "England"]
[Date "2019.05.04"]
[Round "9.54"]
[White "Lukosius, Rolandas"]
[Black "Wheeler, Darren"]
[Result "1/2-1/2"]
[WhiteElo "2072"]
[BlackElo "2260"]
[PlyCount "66"]
[EventDate "2018.11.10"]
[EventType "team-tourn"]
[EventRounds "11"]
[EventCountry "ENG"]
[SourceTitle "EXT 2021"]
[Source "ChessBase"]
[SourceDate "2020.10.23"]
[SourceVersion "1"]
[SourceVersionDate "2020.10.23"]
[SourceQuality "1"]
[WhiteTeam "Wessex"]
[BlackTeam "The ADS"]
[WhiteTeamCountry "ENG"]
[BlackTeamCountry "ENG"]

1. d4 e6 2. c4 Nf6 3. Nf3 d5 4. Nc3 c5 5. cxd5 exd5 6. g3 Nc6 7. Bg2 Be7 8. 0-0 0-0 9. dxc5 Bxc5 10. Bg5 d4 11. Bxf6 Qxf6 12. Ne4 Qe7 13. Nxc5 Qxc5 14. Rc1 Qb6 15. Qd2 Be6 16. b3 Rfd8 17. Ng5 Ne7 18. Nxe6 fxe6 19. Qg5 Rd7 20. Qe5 Ng6 21. Qe4 Rad8 22. Rc4 Qd6 23. Bh3 Re7 24. Rd1 e5 25. Rd3 Rf7 26. Bc8 Qe7 27. h4 Nf8 28. Bh3 Qd6 29. b4 Nd7 30. Bxd7 Rfxd7 31. Rc5 Re7 32. e3 Qf6 33. Rd5 Rf8 1/2-1/2